15 in 15: Veg Quiz Stats

 Plays Quiz not verified by Sporcle

Score 0/15 Timer 00:15
456 Plays Today
% Correct
Onion
90%
Celery
90%
Spinach
88.9%
Cabbage
88.9%
Carrot
88.4%
Lettuce
88.4%
Cauliflower
88.3%
Radish
87.6%
% Correct
Turnip
87.4%
Asparagus
87.1%
Artichoke
86.9%
Leek
84.4%
Parsnip
84.4%
Beetroot
76.1%
Endive
59.6%

You're not logged in!

Compare scores with friends on all Sporcle quizzes.
OR
Log In

Show Comments

Extras

Top Quizzes Today


Score Distribution

Your Account Isn't Verified!

In order to create a playlist on Sporcle, you need to verify the email address you used during registration. Go to your Sporcle Settings to finish the process.

Report this User

Report this user for behavior that violates our Community Guidelines.

Details: